000 00433nam a2200145 4500
008 151009b xxu||||| |||| 00| 0 eng d
020 _a070989068704
050 _aPR 6003 .E6C37 1999
100 _aCastle, Sue
_d1999
245 _aOld Wivers' Tales:
_cSue, Castle.
260 _aNew York:
_bGlobe Digests,
_c1999.
300 _a97p.:
650 _aEnglish Fiction
942 _2lcc
_cSH_L_BOOKS
_hPR 6003 .E6C37 1999
999 _c8095
_d8095